LEADER 01251nam a2200289 u 4500 001 000000056239 003 CaOOAMICUS 005 20070226120443.0 008 010403s1965 ne d u000 u fre u 035 $a10870990 040 $aPUL(R)$bita 100 1 $aMonconduit, François.$0(OLS)http://pul/name/39476 245 13$aLa Commission Europeenne des droit de l'homme /$cFrançois Monconduit ; préface de M. P.-H. Teitgen. 260 $aLeyde :$bA. W. Sijthoff,$c1965. 300 $a559 p. :$bdiagr ;$c24 cm 490 1 $aAspects europeens.$aSerie E, Droit ;$v4 500 $aContiene indice. 504 $aBibliografia:p. 557-559. 650 4$aDiritti umani$xTutela internazionale.$0(OLS)http://pul/subject/20165 700 1 $aTeitgen, M. P.-H.$0(OLS)http://pul/name/39477 830 0$aAspects europeens.$nSerie E,$pDroit ;$v4.$0(OLS)http://pul/title/75224 850 $aPUL 852 $aPUL$W1$xSL Diritto e Scienze Sociali 1$y4$m237 C 44$j73798$nBK-PRI$b $qStampati$B73798$CPULBib$Z2$F73798 $H $81 941 1 $a8 961 $aINV: 30200 996 $6245$aLa Commission Europeenne des droit de l'homme$9(OLS)http://pul/title/75223 996 $6260$aLeyde :$bA. W. Sijthoff$9(OLS)http://pul/publisher/69176 LEADER 01360nam a2200289 u 4500 001 000000001735 003 CaOOAMICUS 005 20070226104339.0 008 940514s1984 it u000 u ita u 035 $a10043074 040 $aPUL(R)$bita 100 1 $aBragantini, Giuliana.$0(OLS)http://pul/name/1905 245 13$aLe donne nel Concilio Vaticano II /$cGiuliana Bragantini. 260 $aRoma :$bPontificia Università Lateranense,$c1984. 300 $a174 p. ;$c25 cm 490 1 $aPontificia Universitas Lateranensis. Theses ad doctoratum in s. theologia 502 $aDiss. -- Pontificia Università Lateranense. 504 $aBibliografia: p. 159-166. 611 24$aConcilium Vaticanum$n(2 :$d1962-1965).$0(OLS)http://pul/subject/71 650 4$aDonne nella religione cattolica.$0(OLS)http://pul/subject/1673 830 0$aTheses ad doctoratum in s. theologia (Pontificia Università Lateranense).$0(OLS)http://pul/title/346 850 $aPUL 852 $aPUL$W1$xDP1 Tesi Pon Univ. Lateranense$y41$mTH PUL.THEOL 420$j2299$nBK-PRI$b $qTesi$B2299$CPULBib$Z2$F2299 $HPUL55043 $81 941 1 $a16 960 $aConcilio Vaticano II (1962-1965)$971 996 $6245$aLe donne nel Concilio Vaticano II$9(OLS)http://pul/title/2614 996 $6260$aRoma :$bPontificia Università Lateranense$9(OLS)http://pul/publisher/47963